000 00443cam a2200193ua 4500
001 7241
008 141204n ii |||gr||||Z||||||eng
020 _a818712590X
040 _cMAIN
041 _aeng
082 _a333.7
100 _aEugine, T.,
_eAuthor.
245 1 _aEnvironmental economics
_cBy T. Eugine
250 _a1st.
260 _aDelhi:
_bVrinda,
_c2004.
300 _a496p.
653 _aEnvironmental economics
942 _cBK
999 _c6366
_d6366